Regulatory and procedural barriers to trade in Georgia: needs assessment (Record no. 55964)

MARC details
000 -LEADER
fixed length control field 00772nam a2200157 a 4500
008 - FIXED-LENGTH DATA ELEMENTS--GENERAL INFORMATION
fixed length control field 190618s2018 ||||||||||||||||| || u
020 ## - INTERNATIONAL STANDARD BOOK NUMBER
International Standard Book Number 9789211171730
050 ## - LIBRARY OF CONGRESS CALL NUMBER
Classification number UNECE(02)2018/17
245 00 - TITLE STATEMENT
Title Regulatory and procedural barriers to trade in Georgia: needs assessment
Statement of responsibility, etc. by United Nations Economic Commission for Europe [UNECE]
260 ## - PUBLICATION, DISTRIBUTION, ETC.
Place of publication, distribution, etc. Geneva:
Name of publisher, distributor, etc. United Nations Economic Commission for Europe (UNECE)
Date of publication, distribution, etc. 2018
300 ## - PHYSICAL DESCRIPTION
Extent 169p.: ill.
650 ## - SUBJECT ADDED ENTRY--TOPICAL TERM
Topical term or geographic name entry element COMMERCIAL POLICY--INTERNATIONAL COOPERATIONS
650 ## - SUBJECT ADDED ENTRY--TOPICAL TERM
Topical term or geographic name entry element COMMERCE--EUROPE
650 ## - SUBJECT ADDED ENTRY--TOPICAL TERM
Topical term or geographic name entry element FOREIGN TRADE REGULATION--GEORGIA
995 ## - RECOMMENDATION 995 [LOCAL, UNIMARC FRANCE]
-- CBU-MAIN LIBRARY (Kitwe)
-- 1
-- AVAILABLE
-- Jun 18, 2019
-- United Nations Economic Commission for Europe
-- International Publications
Holdings
Withdrawn status Lost status Source of classification or shelving scheme Damaged status Not for loan Home library Current library Shelving location Date acquired Total Checkouts Full call number Barcode Date last seen Price effective from Koha item type
          CBU-MAIN LIBRARY, KITWE. CBU-MAIN LIBRARY, KITWE.   11/30/2022   UNECE(02)2018/17 B4108 11/30/2022 11/30/2022 MONOGRAPH